000 01100 a2200253 4500
005 20251118121637.0
008 251118b |||||||| |||| 00| 0 eng d
020 _a9788177022490 (hbk)
037 _cTB
040 _aCRL
_cCRL
041 _2hin
_ahin
_hsan
084 _aP15,Cx1,1 Q1
_qCRL
245 _aअष्टाध्यायी
260 _aदिल्ली, भारत:
_bप्रतिभा प्रकाशन,
_c2011.
300 _a288पृ.
365 _b1595.00
_cINR
650 _aसंस्कृत भाषा
_9851982
650 _aसंस्कृत भाषा
_9851982
650 _aपाणिनी
_9851983
700 _aअभिमन्यु
_eसम्पादक
_9851984
700 _aनंदकिशोर, ब्र.
_eसम्पादक
_9851985
942 _cTB
_2CC
_n0
_hP15,Cx1,1 Q1
999 _c1435571
_d1435571